Zborník prednášok z 2. pracovného sympózia o vývoji, výrobe a aplikácii polypropylénových vlákien

Bibliographic Details
Corporate Author: Pracovné sympózium o vývoji, výrobe a aplikácii polypropylénových vlákien Bratislava, Slovensko
Format: Conference Proceeding Book
Language:Slovak
PhysicalDescription:56 s. fotogr., sch., tab. 29 cm
Published: Bratislava Príroda 1981
Edition:1. vyd.
Subjects:

MARC

LEADER 00000cam a2200000 a 4500
001 vtls010636182
003 SK-MaSNL
005 20260302053931.0
008 250313s1981 xo e 100 0 slo
015 |a SNBA1981 
035 |a 136D161D-9D63-40EF-80FB-DF4D728CAA63 
035 |a urn:nbn:sk:snk-amkxk1 
035 |a urn:nbn:sk:snk-am0081yj 
040 |a SNK  |b slo  |c SNK  |e AACR2 
041 0 |a slo 
044 |a xo  |c SK 
080 |a 678.6(08)  |2 1981 
080 |a 677.494(08)  |2 1981 
111 2 |a Pracovné sympózium o vývoji, výrobe a aplikácii polypropylénových vlákien  |n (2. :  |d 1981 :  |c Bratislava, Slovensko)  |9 712514 
245 1 0 |a Zborník prednášok z 2. pracovného sympózia o vývoji, výrobe a aplikácii polypropylénových vlákien 
250 |a 1. vyd. 
260 |a Bratislava  |b Príroda  |c 1981 
300 |a 56 s.  |b fotogr., sch., tab.  |c 29 cm 
500 |a Vyd. pre Chemické závody Juraja Dimitrova 
504 |a Bibliogr. 
546 |a Čl. aj čes. 
650 0 7 |a polypropylénové vlákna  |2 SNKPH  |9 69652 
655 7 |a zborníky  |2 SNKPH  |9 70165 
852 |a Slovenská národná knižnica 
958 |a OND 
958 |a NB 
999 |c 1111409  |d 1113339 
952 |a SNK  |b SNK  |y PREZ  |7 0  |p 17A1001243  |o snkSB 31846  |i snkKSP 4613/81  |0 0  |1 0  |4 0  |d 2014-11-18  |f 1  |l 0  |r 2025-04-04 00:00:00  |w 2026-02-24 
952 |a SNK  |b SNK  |y VYP  |7 0  |o snkSB 31846 D1  |i snkKSP 4614/81  |0 0  |1 0  |4 0  |d 2014-11-18  |l 0  |r 2026-02-24 18:01:19  |w 2026-02-24